000 00451cam a2200181ua 4500
003 OSt
003 OSt
008 250310b |||||||| |||| 00| 0 eng d
020 _a9788121925372
082 _a621.815
_bKHU/TE
100 _aKhurmi, R. S.
100 _aGupta, J K.
_91225
245 _aText book of Machine Design /
250 _a11 / 14
260 _aIndia :
_bEurasia Publishing House Pvt Ltd ,
_c2005.
_c2011.
300 _a921 ; .
942 _cBK
999 _c102
_d102